Central Library OPAC University of Rajshahi

The Schaum's outline of theory and problems of data structures / (Record no. 274)

MARC details
000 -LEADER
fixed length control field 00856pam a2200265 a 4500
001 - CONTROL NUMBER
control field 274
003 - CONTROL NUMBER IDENTIFIER
rucl marc code BD-RjUL
005 - DATE AND TIME OF LATEST TRANSACTION
control field 20211208233139.0
008 - FIXED-LENGTH DATA ELEMENTS--GENERAL INFORMATION
fixed length control field 131117r20061986nyua 001 0 eng
020 ## - INTERNATIONAL STANDARD BOOK NUMBER
International Standard Book Number 9780070601680 (pbk.)
International Standard Book Number 0070601682(pbk)
035 ## - SYSTEM CONTROL NUMBER
System control number (BD-RjUL)291
040 ## - CATALOGING SOURCE
Original cataloging agency DLC
Transcribing agency BD-RjUL
Modifying agency DLC
-- BD-RjUL
Language of cataloging eng
041 ## - LANGUAGE CODE
Language code of text/sound track or separate title eng
082 00 - DEWEY DECIMAL CLASSIFICATION NUMBER
Classification number 005.73
Edition number 23
Author mark and year LIS
100 1# - MAIN ENTRY--PERSONAL NAME
Personal name Lipschutz, Seymour.
9 (RLIN) 893
245 14 - TITLE STATEMENT
Title The Schaum's outline of theory and problems of data structures /
Statement of responsibility, etc. Seymour Lipschutz.
260 ## - PUBLICATION, DISTRIBUTION, ETC. (IMPRINT)
Place of publication, distribution, etc. New Delhi:
Name of publisher, distributor, etc. Tata McGraw-Hill,
Date of publication, distribution, etc. c1986 [reprinted 2006].
300 ## - PHYSICAL DESCRIPTION
Pagination Var. p. :
Illustrations ill. ;
Size 28 cm.
500 ## - GENERAL NOTE
General note Includes index.
526 ## - STUDY PROGRAM INFORMATION NOTE
Requested Dept. Computer Sciencs
650 #0 - SUBJECT ADDED ENTRY--TOPICAL TERM
Topical term or geographic name as entry element Data structures (Computer science)
9 (RLIN) 869
942 ## - ADDED ENTRY ELEMENTS (KOHA)
Source of classification or shelving scheme Dewey Decimal Classification
Koha item type Books
Holdings
Lost status Source of classification or shelving scheme Damaged status Not for loan Collection code Permanent Location Current Location Shelving location Date acquired Source of acquisition Cost, normal purchase price Total Checkouts Total Renewals Full call number Date last seen Date checked out Copy number Koha item type
  Dewey Decimal Classification     Non-fiction Central Library, University of Rajshahi Central Library, University of Rajshahi   20/07/2008 Dhaka Paragon Enterprizes Lt. 210.00 7 4 005.73 LIS 2006 16/07/2018 26/06/2018 C-4 Books
  Dewey Decimal Classification     Non-fiction Central Library, University of Rajshahi Central Library, University of Rajshahi   20/07/2008 Dhaka Paragon Enterprizes Lt. 210.00 12   005.73 LIS 2007 04/02/2018 18/01/2018 C-5 Books
  Dewey Decimal Classification     Non-fiction Central Library, University of Rajshahi Central Library, University of Rajshahi   24/05/2006 Dhaka Paragon Enterprses Ltd. 199.00 5   005.73 LIS 2006 23/08/2017 13/08/2017 C-3 Books
  Dewey Decimal Classification   Not For Loan Non-fiction Central Library, University of Rajshahi Central Library, University of Rajshahi Reading Room 24/05/2006 Dhaka : Paragon Interprisees 199.00     005.73 LIS 2006 08/11/2018   C-1 Books
  Dewey Decimal Classification     Non-fiction Central Library, University of Rajshahi Central Library, University of Rajshahi   24/05/2006 Dhaka : Paragon Interprisees 199.00     005.73 LIS 08/11/2018   C-2 Books